000 00727nam a2200253Ia 4500
003 OSt
005 20221007070742.0
006 a|||||r|||| 00| 0
007 ta
008 221006b |||||||| |||| 00| 0 eng d
020 _a9789351438342
024 _a31,995
037 _cTextual
040 _aFLL
_cFLL
_beng
041 _2eng
_aeng
082 _aV247:2.N7, Q6
100 _aANAND Adarsh Sein
_9416209
245 0 _aConstitution of Jammu & Kashmir
_b Its development & comments
250 _a8th
260 _aHaryana
_bUniversal Law Publishing Co. Pvt. Ltd. India
_c2016
300 _axxxviii,471p.
_ccm.
942 _hV247:2.N7, Q6
_cTEXL
_2CC
999 _c1141433
_d1141433